<?xml version="1.0" encoding="UTF-8"?>
<record
    xmlns:xsi="http://www.w3.org/2001/XMLSchema-instance"
    xsi:schemaLocation="http://www.loc.gov/MARC21/slim http://www.loc.gov/standards/marcxml/schema/MARC21slim.xsd"
    xmlns="http://www.loc.gov/MARC21/slim">

  <leader>01306nam a2200241 a 4500</leader>
  <controlfield tag="001">000041822</controlfield>
  <controlfield tag="005">20201002035756.0</controlfield>
  <controlfield tag="008">131018s2005    sp            000 0 spa d</controlfield>
  <datafield tag="020" ind1=" " ind2=" ">
    <subfield code="a">8400083660</subfield>
  </datafield>
  <datafield tag="040" ind1=" " ind2=" ">
    <subfield code="a">DO-SdBNP</subfield>
    <subfield code="b">spa</subfield>
    <subfield code="c">BNPHU</subfield>
  </datafield>
  <datafield tag="082" ind1=" " ind2=" ">
    <subfield code="a">xxxx</subfield>
    <subfield code="b">xxxx</subfield>
  </datafield>
  <datafield tag="245" ind1="0" ind2="0">
    <subfield code="a">Negociar en la Edad Media = N&#xE9;gocier Au Moyen &#xC2;ge. :</subfield>
    <subfield code="b">actas del Coloquio celebrado en Barcelona los d&#xED;as 14, 15 y 16 de octubre de 2004 = actes du colloque tenu &#xE0; Barcelone du 14 au 16 octubre 2004. /</subfield>
    <subfield code="c">Mar&#xED;a Teresa Ferrer Mallol, Jean-Marie Moeglin, St&#xE9;phane P&#xE9;quignot, Manuel S&#xE1;nchez Mart&#xED;nez.</subfield>
  </datafield>
  <datafield tag="246" ind1="3" ind2="1">
    <subfield code="a">N&#xE9;gocier au moyen &#xE2;ge</subfield>
    <subfield code="b">actes du colloque tenu &#xE0; Barcelone du 14 au 16 octubre 2004</subfield>
  </datafield>
  <datafield tag="260" ind1=" " ind2=" ">
    <subfield code="a">Barcelona, :</subfield>
    <subfield code="b">Consejo Superior de Investigaciones Cient&#xED;ficas</subfield>
    <subfield code="b">Instituci&#xF3;n Mil&#xE1; y Fontanals, Depto. de Estudios Mediavales Casa de Vel&#xE1;zquez</subfield>
    <subfield code="b">Universit&#xE9; de Paris-XII (Val-de-Marne),</subfield>
    <subfield code="c">2005.</subfield>
  </datafield>
  <datafield tag="300" ind1=" " ind2=" ">
    <subfield code="a">593 p. ;</subfield>
    <subfield code="c">24 cm.</subfield>
  </datafield>
  <datafield tag="490" ind1="1" ind2=" ">
    <subfield code="a">Anuario de estudios medievales, anejo</subfield>
    <subfield code="v">61</subfield>
  </datafield>
  <datafield tag="500" ind1=" " ind2=" ">
    <subfield code="a">Incluye notas y referencias bibliograf&#xED;cas al pie de p&#xE1;gina</subfield>
  </datafield>
  <datafield tag="700" ind1="1" ind2=" ">
    <subfield code="a">Ferrer Mallol, Mar&#xED;a Teresa</subfield>
    <subfield code="9">68696</subfield>
  </datafield>
  <datafield tag="700" ind1="1" ind2=" ">
    <subfield code="a">Moeglin, Jean-Marie</subfield>
    <subfield code="9">68697</subfield>
  </datafield>
  <datafield tag="700" ind1="1" ind2=" ">
    <subfield code="a">P&#xE9;quignot, St&#xE9;phane</subfield>
    <subfield code="9">68698</subfield>
  </datafield>
  <datafield tag="700" ind1="1" ind2=" ">
    <subfield code="a">S&#xE1;nchez Mart&#xED;nez, Manuel</subfield>
    <subfield code="9">68485</subfield>
  </datafield>
  <datafield tag="830" ind1=" " ind2="0">
    <subfield code="a">Anuario de estudios medievales, anejo</subfield>
    <subfield code="v">61</subfield>
    <subfield code="9">64050</subfield>
  </datafield>
  <datafield tag="952" ind1=" " ind2=" ">
    <subfield code="0">0</subfield>
    <subfield code="1">0</subfield>
    <subfield code="5">0</subfield>
    <subfield code="7">1</subfield>
    <subfield code="8">MO</subfield>
    <subfield code="a">GR</subfield>
    <subfield code="b">GR</subfield>
    <subfield code="c">CT</subfield>
    <subfield code="d">2013-10-18</subfield>
    <subfield code="i">LF1</subfield>
    <subfield code="l">0</subfield>
    <subfield code="o">xxxx xxxx</subfield>
    <subfield code="p">41822-10</subfield>
    <subfield code="r">2020-06-25</subfield>
    <subfield code="w">2020-06-25</subfield>
    <subfield code="y">1</subfield>
    <subfield code="Z">No se presta</subfield>
  </datafield>
  <datafield tag="999" ind1=" " ind2=" ">
    <subfield code="c">41311</subfield>
    <subfield code="d">41311</subfield>
  </datafield>
</record>
